| 000 | 00848nas a2200289 4500 | ||
|---|---|---|---|
| 001 | BR7900902 | ||
| 003 | BR-BrBNA | ||
| 005 | 20231205083633.0 | ||
| 007 | ta | ||
| 008 | 230509b bl.|||p| |||| 00| 00por d | ||
| 040 |
_aBR-BrBNA _bpor _cBiblioteca Nacional de Agricultura |
||
| 041 | _a(Pt) | ||
| 072 | _aF60; F22 | ||
| 100 | 1 | _aCamara Filho, J.C.S. da | |
| 100 | 1 | _aAndrade, P.C. de O. | |
| 245 | 1 | _aMetodo espectrofotometrico para determinacao de tracos de ferros [capim] | |
| 650 | _aFISIOLOGIA VEGETAL | ||
| 650 | _aQUIMICA DO SOLO | ||
| 650 | _aFISICA DO SOLO | ||
| 650 | _aCAPIM | ||
| 650 | _aESPECTROMETRIA | ||
| 650 | _aANALISE QUIMICA | ||
| 650 | _aFERRO | ||
| 773 | 0 |
_tCaderno Omega (Brazil) _xISSN 0100-2732 _g(Jul 1978), v. 2(1) p. 71-86 _wBR7900902 |
|
| 909 |
_a202311 _bLúcia _c55 _dLúcia Elande |
||
| 942 |
_2AGRIS _n0 _cANA |
||
| 999 |
_c100230 _d100230 |
||